000 01139nam0a2200337 4500
001 RU\NLR\bibl\232232
005 20250619111356.0
010 _a5-88332-263-8
_95000
021 _aRU
_b2001-55000
_92677
035 _a(NLR Aleph) 000228178
090 _a1327558
_c1327558
100 _a20020215d2001 |||y0rusy50 ca
101 0 _arus
102 _aRU
105 _ay |||||||||
200 1 _aЖми лежа!
_eНачинающим с "нуля"
_eСоветы. Методика. Техника. Планы тренировок
_fВ.Л. Муравьев
210 _aМ.
_cЛана
_d2001
215 _a32 с.
_d20
320 _aБиблиогр.: с.32 (8 назв.) и в предисл.
606 0 _aТяжелая атлетика
_xТренировка
_91883642
_3RU\NLR\auth\661146570
675 _a796.88.015
_v3
_zrus
686 _a77
_2rugasnti
686 _a75.712
_2rubbk
686 _aЧ517.126.157
700 1 _aМуравьев
_bВ. Л.
_4070
801 0 _aRU
_bRKP
_c20020215
_gPSBO
801 1 _aRU
_bRKP
_c20020215
801 2 _aRU
_bNLR
_c20110526
_grcr
942 _cBOOK
980 _aNB